| 000 | 00664nam a2200241 a 4500 | ||
|---|---|---|---|
| 001 | 0001-1072 | ||
| 003 | ELIB.Books | ||
| 008 | 141217 2010 eng | ||
| 020 | _a9780849948206 | ||
| 035 | _a(ELIB.Books)0001-1227 | ||
| 092 |
_a248.4 _bEgg |
||
| 100 | _aEggerichs, Emerson. | ||
| 245 | _a Love & Repest in the Family | ||
| 260 |
_aColorado Springs _bThomas Nelson & Sons _c2013 |
||
| 300 |
_a265 _c21.5 Cm |
||
| 500 | _aC/o Moe Lwai | ||
| 650 | _aBasic Steps to Christian Faith on New Life in Christ | ||
| 856 |
_nKBTS; Library _uKBTS; Elib. |
||
| 942 |
_2ddc _cBK |
||
| 990 | _a1 | ||
| 998 |
_cbat _e2014-12-17 |
||
| 999 |
_c11072 _d11072 |
||